000 01424nam a2200373 c 4500
999 _c94457
_d94457
003 BLK
005 20220228142759.0
008 180408b bul|||||r ||||||| ||bul||
010 _aKNG00099279000
020 _a978-954-8633-02-4
040 _aBLK
041 _aBUL
_cBUL
072 7 _2bullib
_aК
_xКраезнание
072 7 _2bullib
_aН8400
_xБългарска поезия Н
072 7 _2bullib
_aРА
_xРусенски автори
080 _aБългарска литература
_b821.163.2
_x-1
_z821.163.2-1
100 1 _aЯнева-Медникарова, Дора Стоянова
_eпърви автор
_9365173
139 _aЯнева-Медникарова, Дора Стоянова
_bЯ 54
245 1 0 _aПалитра
_bСтихотворения
_cДора Стоянова Янева-Медникарова.
250 _a2. изд.
257 _aBGR
260 _bGaiana Book Art Studio
_c2010
300 _a42 с.
_c14Х15 см
380 _aX
500 _a1. изд. 1997 на изд. Захарина Йоргова. - Съдържа и За автора.
653 _aстихотворения
659 _aК
659 _aН
852 _aЦб І 33980
852 _aК 821.163.2/Я 54 Д
856 4 _qpdf
856 4 _qpdf
942 _cKNG
_n0
_s1
944 _aCR
_c03.02.2011
_kЛюдмила_Стоянова
944 _aED
_c30.10.2015
_kВиолета_Тройчева
999 _d94457